000 00700nam a2200205 a 4500
001 000022981
005 20200930021917.0
008 101124s2000 uy r 000 e spa d
020 _a997401463
040 _aDO-SdBNP
_bspa
_cBNPHU
082 _aU864.4
_bP489m
100 1 _aPetit Muñoz, Eugenio,
_d1896-1977.
_947254
245 1 0 _aEl maestro de la juventud de américa /
_cEugenio Petit Muñoz ; introducción Adolfo Elizaincín.
260 _aMontevideo, Uruguay :
_bUniversidad de la República,
_c2000.
300 _a105 p. ;
_c22 cm.
650 4 _aEnsayos uruguayos
_93053
650 4 _aLiteratura uruguaya
_ySIGLO XXI
_947255
700 1 _aElizaincín, Adolfo
_eintrod.
_947256
049 _aBNGR
999 _c22478
_d22478